000 00883nas a2200289 4500
001 BR2011007990
003 BR-BrBNA
005 20231205115831.0
007 ta
008 230509b bl.|||p| |||| 00| 00por d
040 _aBR-BrBNA
_bpor
_cBiblioteca Nacional de Agricultura
041 _a(Pt)
072 _aP33
100 1 _aMagalhães, M.O.L.
100 1 _aAmaral Sobrinho, N.M.B. do
100 1 _aSantos, F.S. dos
100 1 _aMazur, N.
245 1 _aPotencial de duas espécies de eucalipto na fitoestabilização de solo contaminado com zinco
650 _aEUCALIPTO
650 _aSOLO
650 _aANÁLISE QUÍMICA
650 _aCONTAMINAÇÃO
650 _aZINCO
773 0 _tRevista Ciência Agronômica (Brazil)
_xISSN 0045-6888
_g(Jul-Sep 2011), v. 42(3) p. 805-812
_wBR2011007990
909 _a202311
_bLúcia
_c55
_dLúcia Elande
942 _2AGRIS
_n0
_cANA
999 _c215936
_d215936